| 000 | 01255nam a22003135i 4500 | ||
|---|---|---|---|
| 001 | 155572 | ||
| 003 | ES-MaACL | ||
| 005 | 20260616130213.0 | ||
| 008 | 940701m18831884fr |||| | grc d | ||
| 040 |
_aCAT _bspa _cCAT _dCCPB |
||
| 080 | 4 | _a875-1"-08" | |
| 100 | 0 |
_aHomero _964112 |
|
| 245 | 1 | 0 |
_aOmerou Ilias _b: = L'iliade / _cd'Homère ; texte grec revu et corrigé d'après les documents authentiques de la récension d'Aristarque, accompagné d'un commentaire critique, précédé d'une introduction ... par Alexis Pierron. |
| 250 | _a2e éd., corr. | ||
| 260 |
_aParis : _bLibrairie Hachette et Cie, _c1883-1884. |
||
| 300 |
_a2 v. (CXLVI, 464; 624 p.) ; _c25 cm. |
||
| 504 | _aReferencias bibliográficas. | ||
| 504 | _aÍndice. | ||
| 594 | 1 | _aTít. propio en caracteres griegos. | |
| 594 | 1 | _aTexto en griego, introducción y notas en francés. | |
| 700 | 1 |
_aPierron, Alexis, _d1814-1878 _eed. lit. _9131151 |
|
| 700 | 1 |
_aHachette, Jean-Georges, _eed. _9127747 |
|
| 740 | 0 | _aIlias. | |
| 740 | 2 | _aL'Iliade. | |
| 752 |
_aFrancia - _dParís |
||
| 852 |
_aES-MaACL _jF-12322-12323 _z-- Enc. pasta española conservando la cub. original _x-- Edic.: El imp. es: Imprimerie A. Lahure |
||
| 999 |
_c155572 _d155572 |
||